000 00528nam a22001817a 4500
005 20160810160326.0
010 _aENG-115709
020 _a9789350095805
_c350.00
035 _aEN-99241
037 _bDBAD/PUB
082 _aN
100 _aKundu,Sreemoyee Piu
245 _aYou've got the wrong girl /
_cby Sreemoyee Piu Kundu
260 _aGurgoan
_bHachette Book
_c2015
270 _a4th & 5th Floors Corporate Center,Plot N0-94,Sector 44
_bGurgaon
_e122003
300 _aviii,336p
_c23cm(pbk)
942 _2ddc
_cEN
_hN
_mKUN
999 _c102112
_d102112